Gender differences in long-term health consequences of physical abuse of children: Data from a nationally representative survey
| VerfasserInnen: | ; ; |
|---|---|
| Medienart: | Elektronisch Aufsatz |
| Sprache: | Englisch |
| Veröffentlicht: |
2004
|
| In: |
American journal of public health
Jahr: 2004, Band: 94, Heft: 4, Seiten: 599-604 |
| Online-Zugang: |
Volltext (lizenzpflichtig) Volltext (lizenzpflichtig) Volltext (lizenzpflichtig) |
| Verfügbarkeit prüfen: | HBZ Gateway |
MARC
| LEADER | 00000caa a22000002c 4500 | ||
|---|---|---|---|
| 001 | 1912565358 | ||
| 003 | DE-627 | ||
| 005 | 20250125055156.0 | ||
| 007 | cr uuu---uuuuu | ||
| 008 | 241217s2004 xx |||||o 00| ||eng c | ||
| 024 | 7 | |a 10.2105/AJPH.94.4.599 |2 doi | |
| 035 | |a (DE-627)1912565358 | ||
| 035 | |a (DE-599)KXP1912565358 | ||
| 040 | |a DE-627 |b ger |c DE-627 |e rda | ||
| 041 | |a eng | ||
| 084 | |a 2,1 |2 ssgn | ||
| 100 | 1 | |a Thompson, Martie P. |e VerfasserIn |0 (DE-588)119113833X |0 (DE-627)1669589714 |4 aut | |
| 109 | |a Thompson, Martie P. |a Thompson, Martie | ||
| 245 | 1 | 0 | |a Gender differences in long-term health consequences of physical abuse of children: Data from a nationally representative survey |
| 264 | 1 | |c 2004 | |
| 336 | |a Text |b txt |2 rdacontent | ||
| 337 | |a Computermedien |b c |2 rdamedia | ||
| 338 | |a Online-Ressource |b cr |2 rdacarrier | ||
| 700 | 1 | |a Desai, Sujata |e VerfasserIn |4 aut | |
| 700 | 1 | |a Kingree, J.B. |e VerfasserIn |4 aut | |
| 773 | 0 | 8 | |i Enthalten in |t American journal of public health |d Washington, DC : APHA, 1911 |g 94(2004), 4, Seite 599-604 |w (DE-627)332830799 |w (DE-600)2054583-6 |w (DE-576)273867059 |x 1541-0048 |7 nnas |
| 773 | 1 | 8 | |g volume:94 |g year:2004 |g number:4 |g pages:599-604 |
| 787 | 0 | 8 | |i Forschungsdaten |a Tjaden, Patricia |t Violence and Threats of Violence Against Women and Men in the United States, 1994-1996 |d [Erscheinungsort nicht ermittelbar] : [Verlag nicht ermittelbar], 1999 |w (DE-627)1840060492 |
| 856 | 4 | 0 | |u https://doi.org/10.2105/AJPH.94.4.599 |x Resolving-System |z lizenzpflichtig |3 Volltext |7 1 |
| 856 | 4 | 0 | |u http://www.pubmedcentral.nih.gov/picrender.fcgi?artid=1448305&blobtype=pdf |q application/pdf |x Verlag |z lizenzpflichtig |3 Volltext |7 1 |
| 856 | 4 | 0 | |u http://www.pubmedcentral.nih.gov/articlerender.fcgi?artid=1448305 |x Verlag |z lizenzpflichtig |3 Volltext |7 1 |
| 935 | |a mkri | ||
| 951 | |a AR | ||
| ELC | |a 1 | ||
| LOK | |0 000 xxxxxcx a22 zn 4500 | ||
| LOK | |0 001 4637530857 | ||
| LOK | |0 003 DE-627 | ||
| LOK | |0 004 1912565358 | ||
| LOK | |0 005 20241217044515 | ||
| LOK | |0 008 241217||||||||||||||||ger||||||| | ||
| LOK | |0 035 |a (DE-2619)ICPSR45576 | ||
| LOK | |0 040 |a DE-2619 |c DE-627 |d DE-2619 | ||
| LOK | |0 092 |o n | ||
| LOK | |0 852 |a DE-2619 | ||
| LOK | |0 852 1 |9 00 | ||
| LOK | |0 935 |a nacp | ||
| LOK | |0 939 |a 17-12-24 |b l01 | ||
| ORI | |a SA-MARC-krimdoka001.raw | ||
